A Textbooks of Botany Angio Sperms. (Record no. 3595)

MARC details
000 -LEADER
fixed length control field 00463nam a22001457a 4500
008 - FIXED-LENGTH DATA ELEMENTS--GENERAL INFORMATION
fixed length control field 250522b |||||||| |||| 00| 0 eng d
020 ## - INTERNATIONAL STANDARD BOOK NUMBER
ISBN 8121904048
100 ## - MAIN ENTRY--AUTHOR
Author Pandey B.P.
245 ## - TITLE STATEMENT
Title A Textbooks of Botany Angio Sperms.
Remainder of title Taxonomy, Anatomy, Embryology (Including Tissue Culture) and Economic Botany.
260 ## - PUBLICATION, DISTRIBUTION, ETC. (IMPRINT)
Place of publication Delhi
Name of publisher S. Chand Company PVT Ltd
Date of publication 2012
300 ## - COLLATION
Pagination 990p.
Other physical details illustration;
650 ## - TRACINGS
Main Subject Angiosperms
942 ## - ADDED ENTRY ELEMENTS (KOHA)
Item type Books
050 ## - LIBRARY OF CONGRESS CALL NUMBER
Classification number QK495
Item number .P36 2012
Holdings
Source of classification or shelving scheme Not for loan Permanent location Current location Date acquired Accession No. Full call number Barcode. Koha item type
Library of Congress Classification   Samuel Ogbemudia Main Library, University of Abuja Samuel Ogbemudia Main Library, University of Abuja 05/22/2025 2024/64474 QK495.P36 2012 2025-2068 Books